[Event "ENCI Limburg-open C"]
[Site "Maastricht"]
[Date "2009.06.01"]
[Round "7"]
[White "Tuerlinckx, Ben"]
[Black "Reyskens, Jules"]
[Result "1-0"]
[WhiteElo "1628"]
[BlackElo "1642"]
[PlyCount "120"]
[EventDate "2009.05.29"]
[EventType "swiss"]
[EventRounds "7"]
[EventCountry "NED"]
[Source "P.Boonen"]
[SourceDate "2010.01.01"]

1. d4 d5 2. c4 c6 3. Nf3 Nf6 4. Qc2 Bg4 5. Nbd2 e6 6. g3 Nbd7 7. Bg2 Be7 8. O-O
O-O 9. b3 Bf5 10. Qc3 Ne4 11. Nxe4 Bxe4 12. Bb2 Bf6 13. Qd2 Rc8 14. Rac1 h6 15.
Rfd1 b6 16. Ne1 Bxg2 17. Nxg2 Bg5 18. e3 Be7 19. Qe2 Nf6 20. f3 Qd7 21. e4 dxe4
22. fxe4 Rfd8 23. Nf4 Qb7 24. Nd3 a6 25. Re1 a5 26. Qf3 Rc7 27. Rf1 Rf8 28. Rc2
b5 29. c5 b4 30. Bc1 h5 31. Nb2 Rd7 32. Rd2 g6 33. Nc4 Qa7 34. Rdd1 Kh7 35. Bb2
a4 36. Nb6 Rdd8 37. Nxa4 Ng4 38. h3 Nh6 39. Bc1 Ng8 40. Rf2 Bf6 41. e5 Bg7 42.
Bg5 Rd7 43. Nb6 Rc7 44. Qe2 Bh6 45. Bf6 Bg7 46. g4 Bxf6 47. exf6 Nh6 48. Nc4
hxg4 49. hxg4 Rh8 50. Rh2 Kg8 51. Rh3 Rd7 52. Qh2 Qc7 53. Rxh6 Rxh6 54. Qxh6
Qg3+ 55. Kf1 Qf3+ 56. Ke1 Qg3+ 57. Ke2 Qxg4+ 58. Kd3 Qf3+ 59. Ne3 Qxf6 60. Kc4
e5 1-0

[Event "ENCI Limburg-open C"]
[Site "Maastricht"]
[Date "2009.06.01"]
[Round "7"]
[White "Uiterwijk, Jos"]
[Black "Orbons, Richard"]
[Result "0-1"]
[WhiteElo "1681"]
[BlackElo "1672"]
[PlyCount "104"]
[EventDate "2009.05.29"]
[EventType "swiss"]
[EventRounds "7"]
[EventCountry "NED"]
[Source "P.Boonen"]
[SourceDate "2010.01.01"]

1. e4 d6 2. d4 Nf6 3. Nc3 g6 4. Nf3 Bg7 5. Be2 O-O 6. O-O Bg4 7. h3 Bxf3 8.
Bxf3 Nbd7 9. e5 dxe5 10. dxe5 Nxe5 11. Bxb7 Rb8 12. Qxd8 Rfxd8 13. Ba6 Nd5 14.
Nxd5 Rxd5 15. c3 Rd6 16. Be2 Nd3 17. Bxd3 Rxd3 18. Re1 e6 19. Kf1 Kf8 20. Ke2
Rd5 21. Rd1 Rdb5 22. Rd3 Ke7 23. Kd1 R8b6 24. Kc2 Bf6 25. Rb1 Ra6 26. a3 Rd6
27. Rxd6 Kxd6 28. Be3 a6 29. Rd1+ Rd5 30. Rd2 Be7 31. c4 Rxd2+ 32. Kxd2 c5 33.
Kd3 Kc6 34. Ke4 f6 35. g4 a5 36. a4 Bd6 37. b3 Bc7 38. f3 Kd6 39. Kd3 f5 40.
gxf5 exf5 41. Bh6 Ke6 42. Ke3 Kd7 43. f4 Bd8 44. Bg5 Bxg5 45. fxg5 Ke6 46. Kf4
Kd6 47. Kf3 Ke5 48. Ke3 f4+ 49. Kf3 Kf5 50. h4 Ke5 51. Kf2 Ke4 52. b4 cxb4 0-1

[Event "ENCI Limburg-open C"]
[Site "Maastricht"]
[Date "2009.06.01"]
[Round "7"]
[White "Van Steenwinckel, Hugo"]
[Black "De Ridder, Naomi"]
[Result "0-1"]
[WhiteElo "1658"]
[BlackElo "1400"]
[PlyCount "58"]
[EventDate "2009.05.29"]
[EventType "swiss"]
[EventRounds "7"]
[EventCountry "NED"]
[Source "P.Boonen"]
[SourceDate "2010.01.01"]

1. e4 e5 2. Nf3 Nc6 3. d4 exd4 4. Nxd4 Bc5 5. Be3 Qf6 6. c3 Nge7 7. Bc4 O-O 8.
O-O d6 9. Kh1 Ne5 10. Be2 Bd7 11. f4 N5c6 12. Qd2 Bxd4 13. cxd4 d5 14. e5 Qg6
15. Nc3 f6 16. Rf3 fxe5 17. Rg3 Qe8 18. fxe5 Nf5 19. Rf3 Nxe3 20. Rxf8+ Qxf8
21. Qxe3 Be6 22. a3 Qf7 23. Rf1 Qe7 24. Rf3 Rf8 25. Rg3 Qh4 26. Nb5 Rf7 27. Bf3
a6 28. Nc3 Qxd4 29. Qh6 Qxe5 0-1

[Event "ENCI Limburg-open Veteranen"]
[Site "Maastricht"]
[Date "2009.05.29"]
[Round "1"]
[White "De Kleijnen, Henk"]
[Black "Montforts, Ton"]
[Result "1-0"]
[WhiteElo "1789"]
[BlackElo "1646"]
[PlyCount "63"]
[EventDate "2009.05.29"]
[EventType "swiss"]
[EventRounds "5"]
[EventCountry "NED"]
[Source "P.Boonen"]
[SourceDate "2010.01.01"]

1. d4 Nf6 2. Nf3 e6 3. e3 b6 4. Bd3 Bb7 5. Nbd2 c5 6. c3 Nc6 7. O-O Be7 8. e4
cxd4 9. cxd4 Nb4 10. Bb1 Ba6 11. Re1 Nd3 12. Re3 Nf4 13. g3 Ng6 14. a3 Rc8 15.
Rc3 Rxc3 16. bxc3 Qc7 17. Bb2 h5 18. h4 Ng4 19. e5 O-O 20. Nh2 Nxh2 21. Kxh2 d6
22. f4 Bxh4 23. Qxh5 Bxg3+ 24. Kxg3 dxe5 25. fxe5 Qc6 26. Be4 Qb5 27. Rb1 Qd7
28. Rh1 f5 29. Qxg6 fxe4 30. Nxe4 Qb5 31. Qh7+ Kf7 32. Nd6+ 1-0

[Event "ENCI Limburg-open Veteranen"]
[Site "Maastricht"]
[Date "2009.05.29"]
[Round "1"]
[White "De Wit, Gerrit"]
[Black "Schotanus, Fred"]
[Result "0-1"]
[WhiteElo "1682"]
[BlackElo "1791"]
[PlyCount "54"]
[EventDate "2009.05.29"]
[EventType "swiss"]
[EventRounds "5"]
[EventCountry "NED"]
[Source "P.Boonen"]
[SourceDate "2010.01.01"]

1. e4 c6 2. d4 d5 3. Nc3 dxe4 4. Nxe4 Bf5 5. Ng3 Bg6 6. h4 h6 7. Nf3 Nd7 8. h5
Bh7 9. Bd3 Bxd3 10. Qxd3 Qc7 11. Bd2 e6 12. O-O-O Ngf6 13. Ne4 Nxe4 14. Qxe4
Nf6 15. Qe2 Bd6 16. g3 O-O 17. Ne5 c5 18. Bc3 Nd5 19. f4 Nxc3 20. bxc3 cxd4 21.
Rxd4 Ba3+ 22. Kd2 Rac8 23. Rc4 Rfd8+ 24. Ke3 Bc5+ 25. Kf3 b5 26. Re4 Qb7 27.
Kg2 f5 0-1

[Event "ENCI Limburg-open Veteranen"]
[Site "Maastricht"]
[Date "2009.05.29"]
[Round "1"]
[White "Kwee, Tjoe Liong"]
[Black "Borsten, Cris"]
[Result "1-0"]
[WhiteElo "1744"]
[BlackElo "1511"]
[PlyCount "73"]
[EventDate "2009.05.29"]
[EventType "swiss"]
[EventRounds "5"]
[EventCountry "NED"]
[Source "P.Boonen"]
[SourceDate "2010.01.01"]

1. f4 d5 2. Nf3 Nc6 3. b3 Nf6 4. Bb2 Bf5 5. d3 e6 6. a3 h6 7. Qd2 Bc5 8. e3 Ng4
9. d4 Bb6 10. c4 dxc4 11. Bxc4 O-O 12. O-O Ne7 13. Nc3 Nd5 14. e4 Nxc3 15. exf5
Nd5 16. fxe6 fxe6 17. Ne5 Nge3 18. Rf3 Nxc4 19. bxc4 Ne7 20. Qc3 Nf5 21. c5
Nxd4 22. Qxd4 Qxd4+ 23. Bxd4 Ba5 24. Raf1 Rad8 25. Be3 Rd5 26. Rg3 Rfd8 27. Rg6
Rd1 28. Rxe6 Rxf1+ 29. Kxf1 Rd1+ 30. Ke2 Re1+ 31. Kf3 Rf1+ 32. Kg4 Re1 33. Re8+
Kh7 34. Nc4 Bc3 35. Re7 Bd4 36. Kf3 Bxc5 37. Bxc5 1-0

[Event "ENCI Limburg-open Veteranen"]
[Site "Maastricht"]
[Date "2009.05.29"]
[Round "1"]
[White "Schreinemachers, Jo"]
[Black "Vromans, Nico"]
[Result "1/2-1/2"]
[WhiteElo "1590"]
[BlackElo "1784"]
[PlyCount "37"]
[EventDate "2009.05.29"]
[EventType "swiss"]
[EventRounds "5"]
[EventCountry "NED"]
[Source "P.Boonen"]
[SourceDate "2010.01.01"]

1. d4 Nf6 2. c4 e5 3. dxe5 Ng4 4. Bf4 Nc6 5. Nf3 Bb4+ 6. Nbd2 Qe7 7. e3 Ngxe5
8. Nxe5 Nxe5 9. Be2 g5 10. Bg3 h5 11. h3 d6 12. O-O Bxd2 13. Qxd2 h4 14. Bxe5
Qxe5 15. Qd4 Qxd4 16. exd4 f5 17. Rfe1 Kf7 18. Rad1 Bd7 19. Bf3 1/2-1/2

[Event "ENCI Limburg-open Veteranen"]
[Site "Maastricht"]
[Date "2009.05.29"]
[Round "1"]
[White "Van Pol, Thieu"]
[Black "Boer, Henk"]
[Result "1-0"]
[WhiteElo "1495"]
[BlackElo "1739"]
[PlyCount "65"]
[EventDate "2009.05.29"]
[EventType "swiss"]
[EventRounds "5"]
[EventCountry "NED"]
[Source "P.Boonen"]
[SourceDate "2010.01.01"]

1. d4 Nf6 2. Nf3 g6 3. Bf4 Bg7 4. e3 O-O 5. Nbd2 c5 6. c3 cxd4 7. cxd4 d5 8.
Bd3 Qb6 9. Qb3 Nbd7 10. Rc1 a6 11. O-O Re8 12. Rc3 Qxb3 13. Nxb3 Nh5 14. Bg5 h6
15. Bh4 g5 16. Bg3 Nxg3 17. hxg3 e5 18. dxe5 Nxe5 19. Nxe5 Bxe5 20. Nd4 Bd7 21.
Rfc1 Kf8 22. b3 Bxd4 23. exd4 Rac8 24. Rc5 Ke7 25. Be2 Kd6 26. Bh5 Rxc5 27.
dxc5+ Kc6 28. b4 Re7 29. Kf1 Kb5 30. a3 Ka4 31. Rc3 Bb5+ 32. Kg1 d4 33. Bd1#
1-0

[Event "ENCI Limburg-open Veteranen"]
[Site "Maastricht"]
[Date "2009.05.30"]
[Round "2"]
[White "Borsten, Cris"]
[Black "De Wit, Gerrit"]
[Result "0-1"]
[WhiteElo "1511"]
[BlackElo "1682"]
[PlyCount "82"]
[EventDate "2009.05.29"]
[EventType "swiss"]
[EventRounds "5"]
[EventCountry "NED"]
[Source "P.Boonen"]
[SourceDate "2010.01.01"]

1. e4 c5 2. Nf3 Nc6 3. Nc3 Nf6 4. Bc4 d6 5. h3 e6 6. O-O Be7 7. d4 cxd4 8. Nxd4
O-O 9. Nxc6 bxc6 10. Be3 d5 11. exd5 cxd5 12. Be2 Bd7 13. a3 a5 14. f4 Bc6 15.
Bf3 Qd7 16. Re1 Bd6 17. Ne2 Qc7 18. Qd2 Rfd8 19. Rad1 Rab8 20. Bd4 Ne4 21. Bxe4
dxe4 22. Qe3 Bd5 23. c3 a4 24. Rd2 Rb7 25. Qg3 f5 26. Be5 Bxe5 27. fxe5 Rdb8
28. Nf4 Qxe5 29. Ree2 Rc8 30. Qe3 h6 31. Rf2 g5 32. Nxd5 exd5 33. g3 Rc4 34.
Rd4 Rxd4 35. cxd4 Qe6 36. Kh2 Rb3 37. Qe2 Kg7 38. h4 Qf6 39. hxg5 Qxg5 40. Rg2
Rd3 41. Qc2 Qh5+ 0-1

[Event "ENCI Limburg-open Veteranen"]
[Site "Maastricht"]
[Date "2009.05.30"]
[Round "2"]
[White "Montforts, Ton"]
[Black "Schreinemachers, Jo"]
[Result "0-1"]
[WhiteElo "1646"]
[BlackElo "1590"]
[PlyCount "146"]
[EventDate "2009.05.29"]
[EventType "swiss"]
[EventRounds "5"]
[EventCountry "NED"]
[Source "P.Boonen"]
[SourceDate "2010.01.01"]

1. d4 d5 2. Nf3 Nf6 3. e3 c5 4. c4 Nc6 5. cxd5 Nxd5 6. e4 Nf6 7. d5 Nb8 8. Nc3
e6 9. Bg5 Be7 10. Bxf6 Bxf6 11. e5 Bg5 12. d6 O-O 13. Nxg5 Qxg5 14. Nb5 Qxe5+
15. Be2 Nd7 16. O-O a6 17. Nc7 Rb8 18. Qd2 b5 19. f4 Qe4 20. Bf3 Qf5 21. Rfe1
Rd8 22. g4 Qf6 23. Be4 Qh4 24. g5 Rb6 25. Rad1 Nf8 26. Qa5 Rbxd6 27. Rxd6 Rxd6
28. Rf1 Rd4 29. Qe1 Qxe1 30. Rxe1 Rd2 31. Na8 Nd7 32. f5 e5 33. Bc6 f6 34. gxf6
gxf6 35. Nc7 Rxb2 36. Rd1 Nb6 37. Rd8+ Kg7 38. Ne8+ Kh6 39. Nd6 Bxf5 40. Nxf5+
Kg5 41. Ng3 Rxa2 42. Rg8+ Kf4 43. Nh5+ Kf5 44. Rf8 Nc4 45. Nxf6 Ra1+ 46. Kf2
Ra2+ 47. Kg3 b4 48. Ng4+ Ke6 49. Rf6+ Ke7 50. Bd5 Ra3+ 51. Kh4 Ne3 52. Re6+ Kd7
53. Nf6+ Kd8 54. Rd6+ Ke7 55. Re6+ Kd8 56. Bc6 Kc7 57. Ne8+ Kb6 58. Bd7+ Ka7
59. Nd6 b3 60. Ne4 b2 61. Re7 b1=Q 62. Bf5+ Kb6 63. Re6+ Ka5 64. Rxa6+ Kxa6 65.
Nxc5+ Kb5 66. Bxb1 Kxc5 67. Kg5 Ra1 68. Be4 Kd4 69. Bc6 Nd5 70. h4 e4 71. h5 e3
72. Bb5 Rg1+ 73. Kh6 Nf6 0-1

[Event "ENCI Limburg-open Veteranen"]
[Site "Maastricht"]
[Date "2009.05.30"]
[Round "2"]
[White "Schotanus, Fred"]
[Black "Kwee, Tjoe Liong"]
[Result "1-0"]
[WhiteElo "1791"]
[BlackElo "1744"]
[PlyCount "43"]
[EventDate "2009.05.29"]
[EventType "swiss"]
[EventRounds "5"]
[EventCountry "NED"]
[Source "P.Boonen"]
[SourceDate "2010.01.01"]

1. e4 c6 2. d3 d5 3. Nd2 e5 4. g3 Bd6 5. Bg2 Nf6 6. Ne2 Nbd7 7. h3 Nb6 8. O-O
O-O 9. g4 Kh8 10. Ng3 g6 11. Nf3 Ng8 12. Bd2 f6 13. Qc1 Kg7 14. c4 Qe7 15. Nh4
Be6 16. b3 dxc4 17. dxc4 Nd7 18. Qc2 f5 19. exf5 Qxh4 20. fxe6 Bc5 21. Ne4 Bd4
22. Bg5 1-0

[Event "ENCI Limburg-open Veteranen"]
[Site "Maastricht"]
[Date "2009.05.30"]
[Round "2"]
[White "Van Pol, Thieu"]
[Black "De Kleijnen, Henk"]
[Result "1-0"]
[WhiteElo "1495"]
[BlackElo "1789"]
[PlyCount "121"]
[EventDate "2009.05.29"]
[EventType "swiss"]
[EventRounds "5"]
[EventCountry "NED"]
[Source "P.Boonen"]
[SourceDate "2010.01.01"]

1. d4 e6 2. Nf3 d5 3. Bf4 Nf6 4. e3 c5 5. dxc5 Bxc5 6. Nbd2 O-O 7. a3 a5 8. c3
b6 9. b4 Be7 10. Bb5 Bd7 11. Be2 a4 12. c4 Bc6 13. Ne5 Bb7 14. Bf3 Ne4 15. Nxe4
dxe4 16. Be2 f6 17. Ng4 Qxd1+ 18. Rxd1 h5 19. Nxf6+ Bxf6 20. Bxh5 Rd8 21. Rxd8+
Bxd8 22. O-O Nd7 23. Rd1 Nf6 24. Be2 Kf7 25. Bg5 Bc6 26. Rd6 Rc8 27. h4 Be7 28.
Rd2 Rb8 29. Bf4 Rb7 30. g4 Rd7 31. Rxd7 Nxd7 32. g5 e5 33. Bg3 Bxb4 34. axb4 a3
35. c5 a2 36. Bc4+ Kg6 37. Bxa2 bxc5 38. bxc5 Kf5 39. Kg2 Nxc5 40. Kh3 Be8 41.
Bg8 Nd3 42. Bd5 Bd7 43. Kg2 Nc5 44. Bc4 Be8 45. Kf1 Nb7 46. Ke1 Nd6 47. Be2 Bb5
48. Bxb5 Nxb5 49. Kd2 g6 50. Kc2 Ke6 51. Kb3 Nd6 52. Kb4 Nb7 53. Kb5 Kd6 54.
Kb6 Nd8 55. Ka7 Ke6 56. Kb8 Nf7 57. Kc7 Ke7 58. Bh2 Ke6 59. Bg3 Ke7 60. h5 Nxg5
61. Bh4 1-0

[Event "ENCI Limburg-open Veteranen"]
[Site "Maastricht"]
[Date "2009.05.30"]
[Round "2"]
[White "Vromans, Nico"]
[Black "Boer, Henk"]
[Result "1/2-1/2"]
[WhiteElo "1784"]
[BlackElo "1739"]
[PlyCount "43"]
[EventDate "2009.05.29"]
[EventType "swiss"]
[EventRounds "5"]
[EventCountry "NED"]
[Source "P.Boonen"]
[SourceDate "2010.01.01"]

1. Nc3 d5 2. d4 Nf6 3. Bg5 e6 4. e3 Nbd7 5. Nf3 c6 6. Bd3 Qc7 7. Bf4 Qb6 8. Rb1
Nh5 9. Be5 Nhf6 10. h3 c5 11. Bb5 cxd4 12. Bxd4 Bc5 13. Qe2 O-O 14. O-O Bxd4
15. exd4 a6 16. Bd3 Qd6 17. Ne5 b5 18. a3 Bb7 19. g4 Qb6 20. Nf3 Qd6 21. Ne5
Qb6 22. Nf3 1/2-1/2

[Event "ENCI Limburg-open Veteranen"]
[Site "Maastricht"]
[Date "2009.05.31"]
[Round "3"]
[White "Boer, Henk"]
[Black "De Wit, Gerrit"]
[Result "1-0"]
[WhiteElo "1739"]
[BlackElo "1682"]
[PlyCount "59"]
[EventDate "2009.05.29"]
[EventType "swiss"]
[EventRounds "5"]
[EventCountry "NED"]
[Source "P.Boonen"]
[SourceDate "2010.01.01"]

1. c4 e5 2. Nc3 Nc6 3. g3 f5 4. Bg2 Nf6 5. d3 Bb4 6. Qb3 Qe7 7. Bd2 Bxc3 8.
Bxc3 O-O 9. Nh3 Kh8 10. O-O d6 11. e3 Nd8 12. d4 e4 13. Rae1 Ne6 14. f3 g6 15.
fxe4 Nxe4 16. d5+ Ng7 17. Bxe4 Qxe4 18. Nf2 Qe7 19. e4 f4 20. e5 fxg3 21. hxg3
Kg8 22. e6 b6 23. Ne4 Bb7 24. Nf6+ Kh8 25. Nd7 Rxf1+ 26. Rxf1 Qg5 27. Bxg7+
Kxg7 28. Qc3+ Kh6 29. Kg2 Qg4 30. Rh1+ 1-0

[Event "ENCI Limburg-open Veteranen"]
[Site "Maastricht"]
[Date "2009.05.31"]
[Round "3"]
[White "Borsten, Cris"]
[Black "Montforts, Ton"]
[Result "0-1"]
[WhiteElo "1511"]
[BlackElo "1646"]
[PlyCount "73"]
[EventDate "2009.05.29"]
[EventType "swiss"]
[EventRounds "5"]
[EventCountry "NED"]
[Source "P.Boonen"]
[SourceDate "2010.01.01"]

1. f4 e5 2. e4 d5 3. d3 dxe4 4. dxe4 Qxd1+ 5. Kxd1 Bd6 6. f5 Nf6 7. Nc3 O-O 8.
Bd3 Nc6 9. Nf3 Nb4 10. Ke2 Re8 11. h3 Bxf5 12. a3 Nxd3 13. cxd3 Bd7 14. Bd2 Nh5
15. Kf2 Rad8 16. Rhd1 Be6 17. Be3 a6 18. g4 Nf6 19. b4 Nd7 20. Na4 Bb3 21. Nc3
Bxd1 22. Rxd1 c5 23. b5 Bf8 24. a4 Nb6 25. a5 Nd7 26. b6 Nb8 27. Nd5 Nc6 28.
Rc1 Nxa5 29. Rc3 Nc6 30. Nc7 Nd4 31. Nxe8 Rxe8 32. Bxd4 cxd4 33. Rc4 Re6 34.
Ke2 Rxb6 35. Nxe5 Re6 36. Nd7 Rc6 37. Ne5 {.....} 0-1

[Event "ENCI Limburg-open Veteranen"]
[Site "Maastricht"]
[Date "2009.05.31"]
[Round "3"]
[White "Kwee, Tjoe Liong"]
[Black "Vromans, Nico"]
[Result "1-0"]
[WhiteElo "1744"]
[BlackElo "1784"]
[PlyCount "97"]
[EventDate "2009.05.29"]
[EventType "swiss"]
[EventRounds "5"]
[EventCountry "NED"]
[Source "P.Boonen"]
[SourceDate "2010.01.01"]

1. f4 Nf6 2. Nf3 e6 3. b3 b6 4. Bb2 Bb7 5. e3 Be7 6. Be2 d6 7. O-O Nbd7 8. c4
O-O 9. Na3 Ne4 10. Qc2 h6 11. d3 Nef6 12. Qc3 Ne8 13. e4 e5 14. f5 Nef6 15.
Rae1 Re8 16. Nc2 Bf8 17. Bc1 c6 18. Rd1 d5 19. Qe1 Qc7 20. Nh4 dxe4 21. dxe4
Nxe4 22. Bf3 Nef6 23. Qg3 Kh7 24. Ng6 c5 25. Nxf8+ Nxf8 26. Ne3 Bxf3 27. Rxf3
Qc6 28. Nd5 Rad8 29. Rfd3 e4 30. R3d2 e3 31. Nxf6+ Qxf6 32. Rxd8 Rxd8 33. Rxd8
Qxd8 34. Qxe3 Qd1+ 35. Kf2 Nd7 36. Qd2 Qxd2+ 37. Bxd2 f6 38. h3 h5 39. Ke3 Kg8
40. Ke4 Kf7 41. Kd5 a6 42. Kc6 Ke7 43. Bf4 b5 44. cxb5 axb5 45. Bd6+ Ke8 46.
Kxb5 Kf7 47. a4 g6 48. fxg6+ Kxg6 49. a5 1-0

[Event "ENCI Limburg-open Veteranen"]
[Site "Maastricht"]
[Date "2009.05.31"]
[Round "3"]
[White "Schotanus, Fred"]
[Black "Van Pol, Thieu"]
[Result "1-0"]
[WhiteElo "1791"]
[BlackElo "1495"]
[PlyCount "115"]
[EventDate "2009.05.29"]
[EventType "swiss"]
[EventRounds "5"]
[EventCountry "NED"]
[Source "P.Boonen"]
[SourceDate "2010.01.01"]

1. e4 d5 2. exd5 Qxd5 3. Nc3 Qa5 4. Bc4 c6 5. h3 Nf6 6. Nf3 Bf5 7. O-O e6 8. d3
Bd6 9. Bd2 Qc7 10. Re1 Nbd7 11. Nh4 Bg6 12. a3 Nb6 13. Ba2 Qd8 14. Nxg6 hxg6
15. Bg5 Qc7 16. Qf3 Nfd5 17. Ne4 Be7 18. Bxe7 Qxe7 19. Qg3 O-O-O 20. c4 Nf6 21.
Ng5 Nh7 22. Ne4 Qc7 23. Re3 Qxg3 24. Rxg3 Rd4 25. Bb3 Nf6 26. Ng5 Rd7 27. a4
Nh7 28. Ne4 Nf6 29. Nc5 Rd4 30. Bc2 Nbd7 31. Nb3 Rdh4 32. Re1 Nh5 33. Rg4 Rxg4
34. hxg4 Nhf6 35. f3 Nb8 36. Nd4 Nbd7 37. b4 e5 38. Nb3 Nh7 39. d4 exd4 40.
Nxd4 Nhf6 41. Re7 Rf8 42. Kf2 Kd8 43. Re2 Nb6 44. Bb3 Re8 45. Rd2 Kc7 46. a5
Nbd7 47. c5 Re7 48. Nc2 Nh7 49. Ne3 f6 50. Nc4 f5 51. gxf5 gxf5 52. Nd6 f4 53.
Nf5 Re5 54. Nxg7 Nhf6 55. Ne6+ Kc8 56. Nxf4 Rf5 57. g3 Ne5 58. Be6+ 1-0

[Event "ENCI Limburg-open Veteranen"]
[Site "Maastricht"]
[Date "2009.05.31"]
[Round "3"]
[White "Schreinemachers, Jo"]
[Black "De Kleijnen, Henk"]
[Result "1/2-1/2"]
[WhiteElo "1590"]
[BlackElo "1789"]
[PlyCount "56"]
[EventDate "2009.05.29"]
[EventType "swiss"]
[EventRounds "5"]
[EventCountry "NED"]
[Source "P.Boonen"]
[SourceDate "2010.01.01"]

1. d4 e6 2. c4 d5 3. Nc3 Nf6 4. Bg5 c6 5. Nf3 Nbd7 6. e3 Bb4 7. Qc2 Qa5 8. Nd2
O-O 9. Be2 dxc4 10. Bxf6 Nxf6 11. Nxc4 Qd8 12. O-O Re8 13. Rfd1 b6 14. a3 Bf8
15. Bf3 Bb7 16. Ne5 Rc8 17. Qa4 b5 18. Qc2 Nd7 19. Nxd7 Qxd7 20. Rac1 a6 21.
Ne4 Ba8 22. Nc5 Qa7 23. Qe4 a5 24. Qh4 e5 25. Be4 g6 26. Bb1 Rcd8 27. Ba2 Bxc5
28. dxc5 Qc7 1/2-1/2

[Event "ENCI Limburg-open Veteranen"]
[Site "Maastricht"]
[Date "2009.06.01"]
[Round "4"]
[White "De Kleijnen, Henk"]
[Black "Boer, Henk"]
[Result "0-1"]
[WhiteElo "1789"]
[BlackElo "1739"]
[PlyCount "110"]
[EventDate "2009.05.29"]
[EventType "swiss"]
[EventRounds "5"]
[EventCountry "NED"]
[Source "P.Boonen"]
[SourceDate "2010.01.01"]

1. d4 d5 2. Nf3 Nf6 3. e3 Bf5 4. c4 e6 5. Nc3 Nbd7 6. Qb3 dxc4 7. Bxc4 Nb6 8.
Be2 Be7 9. O-O O-O 10. Rd1 a5 11. a4 c6 12. Ne5 Qc7 13. Bd2 Bd6 14. f4 Nbd5 15.
Rac1 Nxc3 16. bxc3 Ne4 17. Nc4 b5 18. Nxd6 Nxd6 19. Ra1 Be4 20. h3 Rfb8 21.
Rdc1 Bd5 22. Qc2 Bc4 23. Be1 Bxe2 24. Qxe2 Nc4 25. Bg3 Qe7 26. Rf1 f5 27. Rfb1
Qd6 28. Be1 Qd5 29. Kf2 bxa4 30. Qf3 Qxf3+ 31. Kxf3 a3 32. g4 a4 33. e4 Rb2 34.
exf5 exf5 35. gxf5 Rab8 36. Rc1 a2 37. Bf2 Rb1 38. Rxa2 Rxc1 39. Rxa4 Rxc3+ 40.
Kg4 Nd6 41. Ra6 Ne4 42. Be1 Rc4 43. Kf3 Nf6 44. Bf2 Rb3+ 45. Kg2 Ne4 46. Ra8+
Kf7 47. Ra7+ Kf6 48. Bh4+ Kxf5 49. Rf7+ Kg6 50. Re7 Rc2+ 51. Kf1 Rb1+ 52. Be1
Ng3+ 53. Kg1 Ne2+ 54. Kf1 Nxf4 55. Re3 Rcc1 0-1

[Event "ENCI Limburg-open Veteranen"]
[Site "Maastricht"]
[Date "2009.06.01"]
[Round "4"]
[White "De Wit, Gerrit"]
[Black "Montforts, Ton"]
[Result "1-0"]
[WhiteElo "1682"]
[BlackElo "1646"]
[PlyCount "43"]
[EventDate "2009.05.29"]
[EventType "swiss"]
[EventRounds "5"]
[EventCountry "NED"]
[Source "P.Boonen"]
[SourceDate "2010.01.01"]

1. e4 d5 2. exd5 Nf6 3. Nf3 Nxd5 4. d4 g6 5. Be2 Bg7 6. O-O O-O 7. c4 Nb6 8.
Nc3 c6 9. Qc2 Qc7 10. Be3 Bg4 11. b3 N8d7 12. Rac1 Rac8 13. h3 Bxf3 14. Bxf3
Nf6 15. Rfd1 Rfd8 16. a4 a5 17. Qe2 Rd7 18. d5 cxd5 19. cxd5 Qd8 20. Qb5 Nbxd5
21. Nxd5 Rxd5 22. Rxd5 1-0

[Event "ENCI Limburg-open Veteranen"]
[Site "Maastricht"]
[Date "2009.06.01"]
[Round "4"]
[White "Schreinemachers, Jo"]
[Black "Schotanus, Fred"]
[Result "1/2-1/2"]
[WhiteElo "1590"]
[BlackElo "1791"]
[PlyCount "29"]
[EventDate "2009.05.29"]
[EventType "swiss"]
[EventRounds "5"]
[EventCountry "NED"]
[Source "P.Boonen"]
[SourceDate "2010.01.01"]

1. d4 d6 2. c4 g6 3. Nc3 Bg7 4. e4 Nf6 5. Nf3 O-O 6. Be2 c6 7. O-O Qc7 8. Bg5
Ne8 9. Qd2 f6 10. Bh6 e5 11. Rfe1 Bxh6 12. Qxh6 Qg7 13. Qxg7+ Nxg7 14. h3 Nh5
15. b4 1/2-1/2

[Event "ENCI Limburg-open Veteranen"]
[Site "Maastricht"]
[Date "2009.06.01"]
[Round "4"]
[White "Van Pol, Thieu"]
[Black "Kwee, Tjoe Liong"]
[Result "0-1"]
[WhiteElo "1495"]
[BlackElo "1744"]
[PlyCount "126"]
[EventDate "2009.05.29"]
[EventType "swiss"]
[EventRounds "5"]
[EventCountry "NED"]
[Source "P.Boonen"]
[SourceDate "2010.01.01"]

1. d4 Nf6 2. Nf3 e6 3. Bf4 c5 4. dxc5 Bxc5 5. e3 Qb6 6. Qc1 Nc6 7. Nbd2 d5 8.
a3 a5 9. Nb3 Be7 10. a4 O-O 11. Bb5 Nd7 12. Bxc6 bxc6 13. O-O Ba6 14. Re1 Bf6
15. Bg5 Qc7 16. Bxf6 gxf6 17. Qd1 Kh8 18. Qd4 Rg8 19. Nbd2 Rg7 20. c3 Rag8 21.
Qh4 Rg4 22. Qh3 Ne5 23. Nxe5 Qxe5 24. g3 f5 25. Nb3 f4 26. exf4 Qxf4 27. Nxa5
Bd3 28. Nxc6 Be4 29. Rxe4 Qxe4 30. Qg2 Qc2 31. f3 Qxg2+ 32. Kxg2 Rc4 33. Nb4 d4
34. Rc1 dxc3 35. bxc3 Rgc8 36. Na2 Rxa4 37. Rc2 e5 38. Kh3 Kg7 39. g4 h5 40.
gxh5 Kh6 41. Re2 f6 42. Kg3 Kxh5 43. Kf2 Kg5 44. Ke3 Kf5 45. Kf2 Kf4 46. Kf1
Kxf3 47. Rf2+ Ke3 48. Re2+ Kf4 49. Rf2+ Kg5 50. Rg2+ Kf5 51. Rf2+ Rf4 52. Ke2
Rxf2+ 53. Kxf2 Rh8 54. Kg2 Kg4 55. Nb4 e4 56. Nd5 Kf5 57. Ne3+ Ke6 58. Kg3 f5
59. Kf4 Rxh2 60. Nxf5 Rf2+ 61. Kxe4 Rxf5 62. Kd4 Kd6 63. c4 Rf4+ 0-1

[Event "ENCI Limburg-open Veteranen"]
[Site "Maastricht"]
[Date "2009.06.01"]
[Round "4"]
[White "Vromans, Nico"]
[Black "Borsten, Cris"]
[Result "1-0"]
[WhiteElo "1784"]
[BlackElo "1511"]
[PlyCount "61"]
[EventDate "2009.05.29"]
[EventType "swiss"]
[EventRounds "5"]
[EventCountry "NED"]
[Source "P.Boonen"]
[SourceDate "2010.01.01"]

1. g4 d5 2. Bg2 Bxg4 3. c4 c6 4. cxd5 e6 5. dxc6 Nxc6 6. Qa4 Qb6 7. Qxg4 Nf6 8.
Qa4 Bc5 9. Bxc6+ bxc6 10. e3 O-O 11. Ne2 Rad8 12. Rg1 Qc7 13. Qh4 Be7 14. Qg3
Qxg3 15. Nxg3 Nd5 16. a3 f5 17. Nc3 Nxc3 18. dxc3 Bf6 19. Nh5 Be5 20. f4 Bf6
21. Nxf6+ Rxf6 22. Rg2 Rf7 23. Rd2 Rfd7 24. Rxd7 Rxd7 25. Bd2 Rb7 26. b4 Rd7
27. Ke2 Kf7 28. c4 h6 29. Bc3 g5 30. Rd1 Rxd1 31. Kxd1 1-0